LEADER 01014nam0-2200361---450- 001 990009171890403321 005 20100413123430.0 010 $a88-86969-47-3 035 $a000917189 035 $aFED01000917189 035 $a(Aleph)000917189FED01 035 $a000917189 100 $a20100413d2000----km-y0itay50------ba 101 1 $aita$cfre 102 $aIT 105 $a--------001cy 200 1 $a<>scambio impossibile$fJean Baudrillard$gtraduzione di Luisa Saraval 205 $a1. ed 210 $aTrieste$cAsterios$d2000 215 $a145 p.$d24 cm 225 1 $a<>primi giorni del futuro 454 0$12001$a<>échange impossible$922207 610 0 $aInterazione sociale 610 0 $aComunicazione 676 $a302$v22$zita 700 1$aBaudrillard,$bJean$f<1929-2007>$035505 801 0$aIT$bUNINA$gRICA$2UNIMARC 901 $aBK 912 $a990009171890403321 952 $a302 BAU 1$b4730$fBFS 959 $aBFS 996 $aÉchange impossible$922207 997 $aUNINA